Statistiques concernant Quel est son dernier film ? - Actrices -

Cliquez ici pour prendre le quiz!

Statistiques générales

  • Ce quiz a été pris 4 fois
  • Le résultat moyen est 7 sur 25

Statistiques - réponses

QuestionRéponse% Correct
Danielle DarrieuxPièce montée
100%
Stéphane AudranLa fille de Monaco
75%
Pauline LafontDeux minutes de soleil en plus
50%
Marie TrintignantJanis et John
50%
Mireille DarcLa vie dissolue de Gérard Floque
50%
Danièle DelormeLa vie sans secret de Walter Nions
50%
Nicole CourcelL'esprit de famille
50%
Denise GreyTchin-Tchin
50%
Maria PacômeArrête de pleurer Pénélope
25%
Claude JadeCélimène et le cardinal
25%
Suzanne FlonFauteuils d'orchestre
25%
Simone SignoretGuy de Maupassant
25%
Martine CarolJugement à Prague
25%
Romy SchneiderLa passante du Sans-Souci
25%
Charlotte ValandreyLe bal des actrices
25%
Mylène DemongeotMaison de retraite
25%
Jacqueline MaillanVille à vendre
25%
Bernadette LafontAttila Marcel
0%
Marie DuboisA vot'service
0%
Annie GirardotChristian
0%
Valérie BenguiguiFiston
0%
AnémoneLa monnaie de leur pièce
0%
Jeanne MoreauLe talent de mes amis
0%
ArlettyLe voyage à Biarritz
0%
François DorléacUn cerveau d'un milliard de dollars
0%

Distribution des résultats

Percentile par nombre de réponses

% des personnes avec chaque résultat

Votre développement - résultats

Vous n’avez pas pris ce quiz